Statystyki dla Zgadnij postać z Gwiezdnych wojen po opisie

Kliknij tutaj aby rozwiązać quiz!

Ogólne statystyki

  • Ten quiz został rozwiązany 77 razy
  • Średni wynik to 14 z 17

Statystyki odpowiedzi

OpisPostać% Poprawnych
pilotował frachtowiec Sokół Millenium, którego wygrał w sabacca od swojego przyjaciela Landa Carlissiana - przemytnikHan Solo
93%
Uczeń Imperatora - Obronił go przed śmiercią w trzeciej częściDarth Vader
92%
jest droidem protokolarnym. Został on stworzony przez młodego niewolnika z planety TatooineC-3PO
90%
to lord sithów żyjący w schyłkowym okresie istnienia Republiki Galaktycznej i czas Imperium. Pierwszy uczeń Dartha Sidiousa - czerwono czarny.Darth Maul
89%
to syn Anakina Skywalkera i Padme Amidali oraz starszy o kilka minut brat Lei Organy.Luke Skywalker
89%
Bohater wojen klonów, uczeń Qui-Gon Jinna, a także mistrz i mentor Anakina Skywalkera, jak i jego syna, Luke'aObi-Wan Kenobi
89%
Mistrz Jedi. - Szkolił LukeYoda
89%
Kudłaty Przyjaciel Hana SoloChewbacca
88%
Po przejściu na ciemną stronę mocy stał się bezlitosny i wierny swojemu nowemu mistrzowi - SidiousowiAnakin Skywalker
85%
był klonem stworzonym na wzorze Jango Fetta. Jango chciał by ten był jego przyrodnim synemBoba Fett
85%
Przyjaciel C-3PO - metalowa zardzewiałą puszka złomuR2D2
83%
Kiedyś kanclerz dziś imperatorPalpatine
82%
należał do gatunku gunganaów. Przez swoją ciapowatość stał się nielubiany wśród reszty osobników gatunku i wygnany z miasta. W pierwszej części sagi wlazł w gównoJar Jar Binks
79%
Przebity Mieczem świetlnym przez dartha maula - mentor Obi-WanaQui-Gon Jinn
79%
urodził się w 5 ABY. Jego rodzicami byli Leia Organa i Han SoloKylo Ren
78%
Jest droidem Ruchu Oporu - przyjaciel poe dameronBB-8
71%
Jej ojciec przeszedł na ciemną stronę mocy. Gdy nadszedł Najwyższy Porządek ta walczyła przeciwko niemu w Ruchu Oporu.Leia Organa
63%

Rozkład punktacji

Percentyl według liczby udzielonych odpowiedzi

Procent ludzi z każdym wynikiem

Twoja historia wyników

Nie rozwiązałeś tego quizu